| 000 | 00417nam a22001217a 4500 | ||
|---|---|---|---|
| 005 | 20241016123052.0 | ||
| 008 | 190529b ||||| |||| 00| 0 eng d | ||
| 082 | _aPeriodicals serials | ||
| 245 |
_aReport on life and livelihood skills development programme ; _bYouth Development and Rehabilitation Centre, RBP. |
||
| 260 |
_aChhukha ; _bRoyal Bhutan Police. _c2014. |
||
| 300 |
_bill. _c29 cm. |
||
| 942 |
_2ddc _cPERIODICAL |
||
| 999 |
_c10058 _d10059 |
||